Ciencias naturales 7 : biología /
Guardado en:
| Autor Principal: | |
|---|---|
| Otros Autores: | , |
| Formato: | Libro |
| Publicado: |
Buenos Aires :
A-z,
1997
|
| Materias: | |
| Etiquetas: |
Agregar Etiqueta
Sin Etiquetas, Sea el primero en etiquetar este registro!
|
| LEADER | 01041nam a22002655a 4500 | ||
|---|---|---|---|
| 001 | CEM.cems009775 | ||
| 008 | 130507s1997##################000#0#####d | ||
| 005 | 20211005173304.0 | ||
| 003 | CEMS | ||
| 245 | 1 | 0 | |a Ciencias naturales 7 : |b biología / |c Coordinador Por Juan L. Botto, Marina Mateu, Susana Maresca |
| 260 | |a Buenos Aires : |b A-z, |c 1997 | ||
| 300 | |a 123 p. | ||
| 500 | |a Para tercer ciclo Educación General Básica | ||
| 505 | 0 | |a La vida en los ambientes naturales -- Los caminos de la materia y de la energía en los ambientes naturales --- La vida en la ciudad -- Los caminos de los materiales y de la energía en la ciudad | |
| 020 | |a 9505344279 | ||
| 100 | 1 | |a Botto, Juan L. | |
| 700 | 1 | |a Mateu, Marina | |
| 700 | 1 | |a Maresca, Susana | |
| 082 | 0 | 4 | |a 570 |
| 653 | |a Ciencias naturales | ||
| 653 | |a Ciencias naturales-egb | ||
| 653 | |a Biología | ||
| 653 | |a Biología-egb | ||
| 859 | |a CEMS |b BIB. CEMS - Agricultura |h 570 |i B659-2 |p A19669.98 |t Ej.1 |v 7 |3 7 | ||
| 859 | |a CEMS |b BIB. CEMS - 11 de abril |h 570 |i B659-2 |p 20062.98 |t Ej.1 |v 7º |3 7º | ||
